New Zealand Cricketers Who Have Played 30 T20's - Statistics

General Stats
  • This quiz has been taken 111 times
  • The average score is 7 of 10
Answer Stats
Matches Years Player % Correct
70 2005- Brendon McCullum
95%
55 2007- Nathan McCullum
92%
61 2006- Ross Taylor
90%
37 2008- Tim Southee
90%
33 2007-2012 Daniel Vettori
86%
47 2009- Martin Guptill
76%
36 2005-2012 Jacob Oram
52%
31 2005-2010 Scott Styris
50%
41 2005- Kyle Mills
42%
38 2006-2013 James Franklin
28%
No matching quizzes found
Score Distribution
Percent of People with Each Score
Percentile by Number Answered
Your Score History
You have not taken this quiz